الشعور وما وراء الشعور : (رقم التسجيلة. 5744)

تفاصيل مارك
000 -الفاتح
عناصر البيانات ثابتة الطول 00618cam a2200169 i 4500
005 - تاريخ ووقت آخر معاملة
حقل ضبط 20251119104910.0
008 - عناصر البيانات ثابتة الطول
عناصر البيانات ثابتة الطول 250721s1990 sy gr 000 0 ara d
082 14 - رقم تصنيف ديوي العشري
رقم التصنيف 210.4126
رقم المادة ع د ن
100 1# - مدخل رئيسي – اسم شخصي
الاسم الشخصي سبيعي، عدنان
علاقة الشخص بالعمل/ دوره مؤلف.
245 12 - بيان العنوان
العنوان الشعور وما وراء الشعور :
بقية العنوان في المنظور الإسلامي وعلم النفس الحديث /
بيان المسؤولية عدنان سبيعي.
264 31 - بيانات النشر، التوزيع…إلخ
مكان النشر، التوزيع...إلخ دمشق :
اسم الناشر، الموزع...إلخ دار قتيبة للطباعة والنشر،
تاريخ النشر، التوزيع...إلخ 1990.
300 ## - الوصف المادي
عدد الوحدات المكونة للوعاء 56 صفحة.
650 17 - مدخل إضافي بالموضوع - مصطلح موضوعي
مصطلح موضوعي أو اسم جغرافي كعنصر مدخل الإسلام.
650 17 - مدخل إضافي بالموضوع - مصطلح موضوعي
مصطلح موضوعي أو اسم جغرافي كعنصر مدخل علم النفس.
942 ## - بيانات إضافية (كوها)
نوع التنصيف Dewey Decimal Classification
نوع المادة (كوها) كتب
المقتنيات
حالة السحب حالة الفقدان مصدر التصنيف حالة التلف غير قابل للإعارة المكتبة الرئيسية المكتبة الحالية موقع الرف تاريخ التزويد الرقم المتسلسل Total Checkouts رقم الإستدعاء الباركود تاريخ آخر ظهور تاريخ الفاتورة نوع المادة (كوها)
    Dewey Decimal Classification     المكتبة المركزية المكتبة المركزية الإعارة 13/06/2016 1626387   210.4126 / ع د ن PLD00391180 28/07/2025 13/06/2016 كتب
    Dewey Decimal Classification     مكتبة الأميرة ايمان العامة مكتبة الأميرة ايمان العامة الإعارة 28/07/2025 1137296   210.4126/عدن 1137296 28/07/2025 28/07/2025 كتب
Implemented & Customized by: BBB with SCIT (Smart Chains for Information Technology)

Powered by Koha